All Skylanders - Statistics

General Stats
  • This quiz has been taken 20 times
  • The average score is 65 of 132
Answer Stats
Game Element Answer % Correct
Spyro's Adventure Air Sonic Boom
100%
Spyro's Adventure Air Lightning Rod
92%
Spyro's Adventure Undead Chop Chop
83%
Spyro's Adventure Fire Eruptor
83%
Spyro's Adventure Fire Ignitor
83%
Spyro's Adventure Earth Prism Break
83%
Spyro's Adventure Magic Spyro
83%
Spyro's Adventure Life Stealth Elf
83%
Spyro's Adventure Earth Terrafin
83%
Giants Life Tree Rex
83%
Spyro's Adventure Tech Trigger Happy
83%
Spyro's Adventure Air Whirlwind
83%
Spyro's Adventure Earth Bash
75%
Spyro's Adventure Life Camo
75%
Spyro's Adventure Undead Cynder
75%
Spyro's Adventure Magic Double Trouble
75%
Spyro's Adventure Tech Drill Sergeant
75%
Giants Undead Eye-Brawl
75%
Spyro's Adventure Fire Flameslinger
75%
Spyro's Adventure Undead Ghost Roaster
75%
Spyro's Adventure Water Gill Grunt
75%
Spyro's Adventure Undead Hex
75%
Spyro's Adventure Water Slam Bam
75%
Spyro's Adventure Fire Sunburn
75%
Swap Force Water Wash Buckler
75%
Spyro's Adventure Magic Wrecking Ball
75%
Spyro's Adventure Water Zap
75%
Spyro's Adventure Tech Boomer
67%
Spyro's Adventure Earth Dino-Rang
67%
Spyro's Adventure Tech Drobot
67%
Giants Magic Ninjini
67%
Spyro's Adventure Life Stump Smash
67%
Giants Water Thumpback
67%
Spyro's Adventure Air Warnado
67%
Spyro's Adventure Water Wham-Shell
67%
Spyro's Adventure Life Zook
67%
Giants Tech Bouncer
58%
Giants Earth Crusher
58%
Giants Fire Hot Head
58%
Giants Life Shroomboom
58%
Trap Team Water Snap Shot
58%
Giants Tech Sprocket
58%
Giants Air Swarm
58%
Spyro's Adventure Magic Voodood
58%
Trap Team Magic Blastermind
50%
Giants Water Chill
50%
Trap Team Magic Enigma
50%
Swap Force Fire Fire Kraken
50%
Giants Earth Flashwing
50%
Giants Undead Fright Rider
50%
Trap Team Undead Funny Bone
50%
Trap Team Tech Gearshift
50%
Trap Team Air Gusto
50%
Trap Team Earth Head Rush
50%
Giants Fire Hot Dog
50%
Trap Team Tech Jawbreaker
50%
Trap Team Undead Krypt King
50%
Giants Magic Pop Fizz
50%
Swap Force Undead Rattle Shake
50%
Swap Force Life Stink Bomb
50%
Trap Team Earth Wallop
50%
Trap Team Fire Wildfire
50%
Swap Force Life Zoo Lou
50%
Swap Force Fire Blast Zone
42%
Swap Force Air Boom Jet
42%
Trap Team Life Bushwhack
42%
Trap Team Magic Déjà Vu
42%
Trap Team Water Echo
42%
Trap Team Life Food Fight
42%
Swap Force Water Freeze Blade
42%
Trap Team Life High Five
42%
Swap Force Magic Hoot Loop
42%
Giants Air Jet-Vac
42%
Trap Team Water Lob-Star
42%
Swap Force Air Pop Thorn
42%
Swap Force Water Rip Tide
42%
Trap Team Undead Short Cut
42%
Swap Force Earth Slobber Tooth
42%
Swap Force Tech Spy Rise
42%
Trap Team Fire Torch
42%
Trap Team Fire Trail Blazer
42%
Trap Team Undead Bat Spin
33%
Trap Team Air Breeze
33%
Trap Team Tech Chopper
33%
Trap Team Magic Cobra Cadabra
33%
Swap Force Tech Countdown
33%
Swap Force Earth Doom Stone
33%
Trap Team Tech Drobit
33%
Swap Force Magic Dune Bug
33%
Trap Team Undead Eye-Small
33%
Trap Team Water Flip Wreck
33%
Swap Force Air Free Ranger
33%
Swap Force Fire Fryno
33%
Trap Team Water Gill Runt
33%
Swap Force Life Grilla Drilla
33%
Swap Force Undead Grim Creeper
33%
Trap Team Light Knight Light
33%
Swap Force Tech Magna Charge
33%
Trap Team Magic Mini-Jini
33%
Swap Force Undead Night Shift
33%
Trap Team Air Pet-Vac
33%
Swap Force Water Punk Shock
33%
Swap Force Undead Roller Brawl
33%
Swap Force Earth Rubble Rouser
33%
Swap Force Earth Scorp
33%
Swap Force Air Scratch
33%
Trap Team Magic Spry
33%
Trap Team Earth Terrabite
33%
Trap Team Air Thunderbolt
33%
Swap Force Magic Trap Shadow
33%
Trap Team Tech Tread Head
33%
Trap Team Tech Trigger Snappy
33%
Trap Team Life Tuff Luck
33%
Trap Team Fire Weeruptor
33%
Trap Team Life Barkley
25%
Trap Team Air Blades
25%
Trap Team Earth Bop
25%
Swap Force Life Bumble Blast
25%
Trap Team Earth Fist Bump
25%
Trap Team Air Fling Kong
25%
Trap Team Undead Hijinx
25%
Trap Team Fire Ka-Boom
25%
Trap Team Dark Knight Mare
25%
Trap Team Earth Rocky Roll
25%
Trap Team Fire Small Fry
25%
Swap Force Fire Smolderdash
25%
Trap Team Light Spotlight
25%
Swap Force Magic Star Strike
25%
Trap Team Water Thumpling
25%
Trap Team Life Whisper Elf
25%
Swap Force Tech Wind-Up
25%
Trap Team Dark Blackout
17%
No matching quizzes found
Score Distribution
Percent of People with Each Score
Percentile by Number Answered
Your Score History
You have not taken this quiz